Pokémon - Attacken von Staraptor in KA/PU - Statistiken

Allgemein
  • Dieses Quiz wurde 2 mal gespielt
  • Das Durchschnittsergebnis liegt bei 23 aus 43
Antwortstatistiken
Antwort % Korrekt
Bodycheck
100%
Delegator
100%
Fliegen
100%
Flügelschlag
100%
Kehrtwende
100%
Luftschnitt
100%
Nahkampf
100%
Orkan
100%
Regentanz
100%
Risikotackle
100%
Ruckzuckhieb
100%
Schutzschild
100%
Sonnentag
100%
Sturzflug
100%
Tackle
100%
Tera-Ausbruch
100%
Windschnitt
100%
Aero-Ass
50%
Agilität
50%
Akrobatik
50%
Ausdauer
50%
Doppelflügel
50%
Erholung
50%
Heuler
50%
Hyperstrahl
50%
Raub
50%
Rückenwind
50%
Schlafrede
50%
Aufruhr
0%
Daunenreigen
0%
Doppelteam
0%
Erstauner
0%
Fassade
0%
Furienschlag
0%
Gigastoß
0%
Hitzewelle
0%
Käfertrutz
0%
Notsituation
0%
Rechte Hand
0%
Sandwirbel
0%
Sternschauer
0%
Wagemut
0%
Wirbelwind
0%
Keine übereinstimmenden Quizze gefunden
Verteilung der Resultate
Anzahl Personen mit jedem Resultat
Perzentil nach korrekt beantworteten Fragen
Ihre Resultats-Entwicklung
Sie haben dieses Quiz noch nicht gespielt